Zvolenské noviny politicko-spoločenský mesačník
| Format: | Journal |
|---|---|
| Language: | Slovak |
| PhysicalDescription: | 11 zv. 32 cm |
| Published: |
Zvolen
Vladimír Fajnor
1904-1914
Zvolen Ivan Turzo a Ľudovít Medvecký Zvolen Ľudovít Medvecký Zvolen Ľudovít Medvecký, Nováček a J. Medvecký |
| ISSN: | 1337-2408 |
| Subjects: |
MARC
| LEADER | 00000cas a2200000 a 4500 | ||
|---|---|---|---|
| 001 | vtls001374599 | ||
| 003 | SK-MaSNL | ||
| 005 | 20260228155758.0 | ||
| 008 | 200401d19041914xo mr|p 0 0b0slo d | ||
| 022 | |a 1337-2408 | ||
| 035 | |a SNK000328487 | ||
| 040 | |a SNK |b slo |c SNK |e AACR2 | ||
| 041 | 0 | |a slo | |
| 043 | |a e-xo--- | ||
| 044 | |a xo |c SK | ||
| 072 | 7 | |a 32 |x Politika |2 konspekt | |
| 072 | 7 | |a 316 |x Sociológia |2 konspekt | |
| 080 | |a 050 |2 2001 | ||
| 080 | |a 32 |2 2001 | ||
| 080 | |a 316.728 |2 2001 | ||
| 080 | |a (437.6) |2 2001 | ||
| 210 | 0 | |a Zvolen. nov. | |
| 222 | 0 | |a Zvolenské noviny | |
| 245 | 0 | 0 | |a Zvolenské noviny |b politicko-spoločenský mesačník |
| 260 | |a Zvolen |b Vladimír Fajnor |c 1904-1914 | ||
| 260 | 2 | |3 1905-10/1909 |a Zvolen |b Ivan Turzo a Ľudovít Medvecký | |
| 260 | 2 | |3 11/1909-8/1911 |a Zvolen |b Ľudovít Medvecký | |
| 260 | 3 | |3 9/1912-11/1914 |a Zvolen |b Ľudovít Medvecký, Nováček a J. Medvecký | |
| 300 | |a 11 zv. |c 32 cm | ||
| 310 | |a 1x mesačne | ||
| 362 | 0 | |a Roč. I, č. 1 (1904)-roč. XI, č. 7 (1914) | |
| 500 | |a Zodp. red.: 1/1904-11/1904, Vladimír Vajnor; od 1/1905-7/1914, Ľudovít Medvecký | ||
| 500 | |a Tlač: Klimeš a Pivko v Liptovskom Mikuláši; od čís. 8/1907, Eduard Bertan vo Zvolene; od 7/1908, Klimeš a Pivko v Liptovskom Mikuláši; od 9/1908, Kníhtlačiareň Budapeštianskeho nakladateľského spolku v Budapešti | ||
| 500 | |a Ročník 10-11/1913-1914 mal prílohu: Roľnícky radca | ||
| 650 | 0 | 7 | |a politika |2 SNKPH |9 968 |
| 650 | 0 | 7 | |a spoločenský život |2 SNKPH |9 28654 |
| 651 | 7 | |a Zvolen (Slovensko) |2 SNKPH |9 14595 | |
| 655 | 7 | |a spoločenské časopisy |2 SNKPH |9 70515 | |
| 700 | 1 | |a Vajnor, Vladimír, |d 1875-1952 |4 lso |9 265315 | |
| 700 | 1 | |a Medvecký, Ľudovít, |d 1878-1954 |4 lso |9 152058 | |
| 770 | 0 | |t Roľnícky radca |x 1337-1886 | |
| 910 | |a snk | ||
| 916 | |a 1904-1914 | ||
| 999 | |c 522 |d 522 | ||
| 952 | |0 0 |1 0 |4 0 |7 0 |a SNK |b SNK |d 1997-04-07 |f 1 |i snk2171/27 |l 0 |o snkČSB 50/8/1911 |p 17A0059446 |r 2005-01-02 00:00:00 |t č. 1-12 |w 2026-02-21 |y PREZ | ||
| 952 | |0 0 |1 0 |4 0 |7 0 |a SNK |b SNK |d 1997-04-07 |f 1 |i snk2167/27 |l 0 |o snkČSB 50/4/1907 |p 17A0059447 |r 2005-01-02 00:00:00 |t č. 1-12 |w 2026-02-21 |y PREZ | ||
| 952 | |0 0 |1 0 |4 0 |7 0 |a SNK |b SNK |d 1999-10-13 |f 1 |i snk3148/29 |l 0 |o snkČSB 50/1/1904 |p 17A0213737 |r 2005-01-02 00:00:00 |t č. 1-11 |w 2026-02-21 |y PREZ | ||
| 952 | |0 0 |1 0 |4 0 |7 0 |a SNK |b SNK |d 1999-10-13 |f 1 |i snk3143/29 |l 0 |o snkČSB 50/2/1905 |p 17A0213734 |r 2005-01-02 00:00:00 |t č. 1-12 |w 2026-02-21 |y PREZ | ||
| 952 | |0 0 |1 0 |4 0 |7 0 |a SNK |b SNK |d 1999-10-13 |f 1 |i snk2431/29 |l 0 |o snkČSB 50/3/1906 |p 17A0213739 |r 2005-01-02 00:00:00 |t č. 1-12 |w 2026-02-21 |y PREZ | ||
| 952 | |0 0 |1 0 |4 0 |7 0 |a SNK |b SNK |d 1999-10-13 |f 1 |i snk2168/27 |l 0 |o snkČSB 50/5/1908 |p 17A0213731 |r 2005-01-02 00:00:00 |t č. 1-12 |w 2026-02-21 |y PREZ | ||
| 952 | |0 0 |1 0 |4 0 |7 0 |a SNK |b SNK |d 2010-08-10 |i snkČSF 1006/56 |l 0 |o snkČSB 50/1/1904 D1 |p 17A0655186 |r 2026-02-21 19:54:08 |t č. 1-12,neúpl. |w 2026-02-21 |y PREZ |z chýba č. 8 | ||
| 952 | |0 0 |1 0 |4 0 |7 0 |8 5 |a SNK |b SNK |d 2010-08-10 |i snkČSF 1007/56 |l 0 |o snkČSB 50/2/1905 D1 |p 17A0655307 |r 2026-02-21 19:54:09 |t č. 1-12, neúpl. |w 2026-02-21 |y PREZ |z ch. č. 6, 9, 12 | ||
| 952 | |0 0 |1 0 |4 0 |7 0 |8 5 |a SNK |b SNK |d 2010-08-10 |i snkF 2246/68 |l 0 |o snkČSB 50/5/1908 D2 |p 17A0656498 |r 2026-02-21 19:54:09 |t č. 1-12, neúpl. |w 2026-02-21 |y PREZ |z ch. č. 5 | ||
| 952 | |0 0 |1 0 |4 0 |7 0 |8 5 |a SNK |b SNK |d 2010-08-10 |i snkF 2244/68 |l 0 |o snkČSB 50/7/1910 D2 |p 17A0656805 |r 2026-02-21 19:54:09 |t č. 1-12, neúpl. |w 2026-02-21 |y PREZ |z ch. č. 3 | ||
| 952 | |0 0 |1 0 |4 0 |7 0 |8 5 |a SNK |b SNK |d 2010-08-10 |i snkČSF 1013/56 |l 0 |o snkČSB 50/8/1911 D1 |p 17A0656499 |r 2026-02-21 19:54:09 |t č. 1-12, neúpl. |w 2026-02-21 |y PREZ |z ch. č. 7 - 9 | ||
| 952 | |0 0 |1 0 |4 0 |7 0 |8 5 |a SNK |b SNK |d 2010-08-10 |i snkČSF 1014/56 |l 0 |o snkČSB 50/9/1912 D1 |p 17A0662531 |r 2026-02-21 19:54:09 |t č. 1-12, neúpl. |w 2026-02-21 |y PREZ |z ch. č. 9, 12 | ||
| 952 | |0 0 |1 0 |4 0 |7 0 |8 5 |a SNK |b SNK |d 2010-12-02 |i snkF 2243/68 |l 0 |o snkČSB 50/6/1909 D2 |p 17A0677969 |r 2026-02-21 19:56:02 |t č. 1-12 |w 2026-02-21 |y PREZ | ||
| 952 | |0 0 |1 0 |4 0 |7 0 |a SNK |b SNK |d 1998-01-23 |f 1 |i snk3152/29 |l 0 |o snkČSB 50/11/1914 |p 17A0119665 |r 2005-01-02 00:00:00 |t č. 1-7 |w 2026-02-21 |y PREZ | ||
| 952 | |0 0 |1 0 |4 0 |7 0 |8 5 |a SNK |b SNK |d 2014-12-16 |i snkF 2247/68 |l 0 |o snkČSB 50/4/1907 D2 |p 17A1077232 |r 2026-02-21 20:42:35 |t č. 1-12 |w 2026-02-21 |y PREZ |z č. 1-12 | ||
| 952 | |0 0 |1 0 |4 0 |7 0 |8 5 |a SNK |b SNK |d 2014-12-16 |i snkF 6110/77 |l 0 |o snkČSB 50/3/1906 D2 |p 17A1077233 |r 2026-02-21 20:42:35 |t č. 1-12 |w 2026-02-21 |y PREZ |z č. 1-12 | ||
| 952 | |0 0 |1 0 |4 0 |7 0 |a SNK |b SNK |d 2014-12-16 |i snkČSF 1010/56 |l 0 |o snkČSB 50/5/1908 D1 |p 17A1077231 |r 2026-02-21 20:42:35 |t č. 1-12 |w 2026-02-21 |y PREZ |z č. 1-12 | ||
| 952 | |0 0 |1 0 |4 0 |7 0 |8 5 |a SNK |b SNK |d 1998-02-24 |i snkČSF 1016/56 |l 0 |o snkČSB 50/11/1914 D1 |p 17A0126713 |r 2005-01-02 00:00:00 |t č. 1-7, neúpl. |w 2026-02-21 |y PREZ |z ch. č. 2, 5, 8 - 12 | ||
| 952 | |0 0 |1 0 |4 0 |7 0 |a SNK |b SNK |d 1998-01-27 |f 1 |i snk3151/23 |l 0 |o snkČSB 50/10/1913 |p 17A0120875 |r 2005-01-02 00:00:00 |t č. 1-12 |w 2026-02-21 |y PREZ |z č. 1-12 | ||
| 952 | |0 0 |1 0 |4 0 |7 0 |8 5 |a SNK |b SNK |d 1999-07-15 |i snkČSF 1015/56 |l 0 |o snkČSB 50/10/1913 D1 |p 17A0202698 |r 2005-01-02 00:00:00 |t č. 1-12, neúpl. |w 2026-02-21 |y PREZ |z chýba č. 5, 7, 12 | ||
| 952 | |0 0 |1 0 |4 0 |7 0 |a SNK |b SNK |d 1998-02-12 |f 1 |i snk3150/29 |l 0 |o snkČSB 50/9/1912 |p 17A0123989 |r 2005-01-02 00:00:00 |t č. 1-12 |w 2026-02-21 |y PREZ | ||
| 952 | |0 0 |1 0 |4 0 |7 0 |a SNK |b SNK |d 1998-02-24 |f 1 |i snk2170/27 |l 0 |o snkČSB 50/7/1910 |p 17A0126032 |r 2005-01-02 00:00:00 |t č. 1-12 |w 2026-02-21 |y PREZ | ||
| 952 | |0 0 |1 0 |4 0 |7 0 |a SNK |b SNK |d 1998-02-24 |f 1 |i snk2169/27 |l 0 |o snkČSB 50/6/1909 |p 17A0126678 |r 2005-01-02 00:00:00 |t č. 1-12 |w 2026-02-21 |y PREZ | ||
| 952 | |0 0 |1 0 |4 0 |7 0 |8 5 |a SNK |b SNK |d 2013-08-30 |i snkČSF 1011/56 |l 0 |o snkČSB 50/6/1909 D1 |p 17A1023812 |r 2026-02-21 21:24:02 |t č. 1-12 |w 2026-02-21 |y PREZ | ||
| 952 | |0 0 |1 0 |4 0 |7 0 |8 5 |a SNK |b SNK |d 2013-02-13 |i snkČSF 1012/56 |l 0 |o snkČSB 50/7/1910 D1 |p 17A1051790 |r 2026-02-21 21:25:12 |t č. 1-12 |w 2026-02-21 |y PREZ | ||
| 952 | |0 0 |1 0 |4 0 |7 0 |8 5 |a SNK |b SNK |d 2013-02-13 |i snkČSF 1008/56 |l 0 |o snkČSB 50/3/1906 D1 |p 17A1021064 |r 2026-02-21 21:30:53 |t č. 1-12, neúpl. |w 2026-02-21 |y PREZ |z chýba č. 1 | ||
| 952 | |0 0 |1 0 |4 0 |7 0 |8 5 |a SNK |b SNK |d 2013-02-13 |i snkČSF 1009/56 |l 0 |o snkČSB 50/4/1907 D1 |p 17A1051789 |r 2026-02-21 21:30:53 |t č. 1-12 |w 2026-02-21 |y PREZ | ||


